000 004590000a22001810004500
003 MACL
005 20150818163546.0
008 150818b xxu||||| |||| 00| 0 eng d
040 _aMACL
_cMACL
041 _aEnglish
082 _a580/MAI
100 _aMaity, D
_96168
245 _aThe Wild Flowers of Kanchenjunga Biosphere Reserve Sikkim
260 _bNaya Udyog
_c2007
_aKolkata
350 _a1200
650 _aPlants
_95537
942 _cBK
_k580/MAI
_2ddc
999 _c42714
_d42714